000 00311nam a22001337a 4500
008 180306b xxu||||| |||| 00| 0 eng d
020 _a1850008132
041 _aeng
080 _a37
100 _a25
101 _aedu
245 _aDoing qualitative research: circles within circles
_cEly,M
942 _2udc
_cBK
999 _c44180
_d44180